| 000 | 00516nam a2200169 a 4500 | ||
|---|---|---|---|
| 005 | 20260322212013.0 | ||
| 008 | data | ||
| 020 | _a0874254981 | ||
| 020 | _a978-0-87425-498-3 | ||
| 090 | _aHM 132 L174 1999 | ||
| 100 | 1 | _aLambert, Jonamay | |
| 245 | 1 | 0 |
_a50 activities for conflict resolution : _bgroup learning and self development exercises / _cJonamay Lambert & Selma Myers. |
| 260 |
_aAmherst, Mass. _bHuman Resource Development Press _cc1999 |
||
| 650 | 4 | _aConflict management. | |
| 700 | 1 | _aMyers, Selma | |
| 001 | data | ||
| 999 |
_c272 _d272 |
||